El fundamentalismo en la política

Kaydedildi:
Detaylı Bibliyografya
Yazar: Sánchez Parodi, Horacio M (Yazar)
Materyal Türü: Kitap
Dil:İspanyolca
Baskı/Yayın Bilgisi: Buenos Aires Depalma 1998
Konular:
Etiketler: Etiketle
Etiket eklenmemiş, İlk siz ekleyin!

MARC

LEADER 00000nam a2200000 a 4500
001 UCP4476
003 CL-VaPUC
008 990731e19980000AG |||||||||||||||||spa|d
082 0 4 |a 320.01  |b SAN  |2 21 
100 0 |a Sánchez Parodi, Horacio M  |e author  |9 431967 
245 1 3 |a El fundamentalismo en la política 
300 |a 335 p 
942 |c BK 
945 |d 19990731 00:00:00  |a vberengu 
260 |a Buenos Aires  |b Depalma  |c 1998 
650 7 |a FILOSOFIA POLITICA  |2 CL-VaPUC  |9 431968 
650 7 |a FUNDAMENTALISMO  |2 CL-VaPUC  |9 408068 
650 0 |a Aspectos políticos   |9 257400 
650 0 |a Iglesia   |9 255004 
583 |a last modification  |c 20121001 12:51:50  |k Rodrigo Vera 
999 |c 282423  |d 282421 
952 |0 0  |1 0  |4 0  |6 320_010000000000000_SAN_1998  |7 0  |8 DER_TF  |9 324129  |a BIBDER  |b BIBDER  |d 2019-11-20  |i 3532283  |o 320.01 SAN 1998  |p 3532283  |r 2023-01-25  |w 2019-11-20  |x Ubicación 4to Piso  |y BK  |z Estos recursos deben solicitarse con anticipación  |k DER